| 000 | 00333nam a22001217a 4500 | ||
|---|---|---|---|
| 999 |
_c7628 _d7628 |
||
| 008 | 190211b ||||| |||| 00| 0 eng d | ||
| 020 | _a9789998083103 | ||
| 082 | _a658.421 L82g 2018 | ||
| 245 |
_aMade in Bhutan: _bEntrepreneur stories. |
||
| 260 |
_aThimphu ; _bLoden foundation, _c2018. |
||
| 300 |
_a199 p. _bill. _c27cm. |
||
| 942 | _2ddc | ||